000 00726cab a2200241 4500
001 ABS59301
008 090401t1998 xxu||||| |||| 00| 0 eng d
035 _a(Sirsi) u88729
041 _aeng
100 _aKnutt, E.
245 4 _aThe Americans are coming
260 _c1998
350 _a0
490 _aBuilding
_v268(8057) 25 September 1998, 22-26(4)
520 _aLooks at what the US investment in UK property firms will mean to the construction industry and those working in it. Tables.
650 _aINWARD INVESTMENT
650 _aTRUST FUNDS
650 _aUK CONSTRUCTION INDUSTRY
650 _aUS INVESTORS
690 _aPROPERTY-PROPERTY FINANCE AND INVESTMENT
942 _n0
948 _c29/09/1998
999 _c56088
_d56088